000 00671cam a22002411 4500
001 sa 65003939
003 DLC
005 20260227112127.0
008 900221s1961 ii 000 0 sano
010 _asa 65003939
035 _a(OCoLC)21105018
040 _aDLC
_cWaU
_dDLC
042 _apremarc
050 0 0 _aPK3791.B3
_bP7
100 0 _aBhāsa.
245 1 0 _aŚrībhāsapraṇītaṃ Pratimā-nāṭakam.
260 _c[1961]
300 _a27, 204 p.
_c19 cm.
490 1 _aHaridas Sanskrit granthamala ;
_v208
500 _aIn Sanskrit; introd. in Hindi.
700 1 _aMiśra, Rāmacandra,
_d1911-
830 0 _aHaridasā-Saṃskr̥ta-granthamālā ;
_v208.
999 _c63447
_d63447